Haló, tu Slovenský rozhlas Pripomíname si sedemdesiat rokov v éteri

Bibliographic Details
Main Author: Staroň, Ladislav (Author)
Format: Article
Language:Slovak
Subjects:

MARC

LEADER 00000nab a2200000 a 4500
001 vtls000592334
003 SK-MaSNL
005 20260304011540.0
008 160202c1996 xo 0 slo
015 |a SNBRB19rr/mm-uuuuu 
035 |a CL0592473 
040 |a SNKBUCL  |b slo  |c SNKBUCL  |e AACR2 
041 0 |a slo 
044 |a xo  |c SK 
080 |a 654.191(437.6)  |2 1981 
080 |a 7.096(437.6)  |2 1981 
100 1 |a Staroň, Ladislav  |4 aut  |9 949095 
245 1 0 |a Haló, tu Slovenský rozhlas  |b Pripomíname si sedemdesiat rokov v éteri  |c Ladislav Staroň 
610 2 7 |a Slovenský rozhlas  |2 snkbucl  |9 145763 
655 7 |a články z novín a časopisov  |2 snkbucl  |9 267496 
773 0 |t Pravda  |g Roč. 6, č. 181 (5. 8. 1996), s. 7 
850 |a Slovenská národná knižnica v Martine  |a MTA001 
852 |a SNK  |b KIS3GCP 
958 |a RK 
958 |a SK 
992 |a RBX 
999 |c 2566913  |d 2568843